000
00279nam a2200109Ia 4500
008
190914s9999||||xx |||||||||||||| ||und||
100
_a
Philip Kotler
245
0
_a
Marketing Management Analysis planning
260
_a
New Delhi
_b
Bantam Books
_c
1997
300
_a
421
942
_c
BK
999
_c
9116
_d
9116